000 01427cam a2200409 4500
008 090401t1989 xxu||||| |||| 00| 0 eng d
020 _a085406429X
035 _a(Sirsi) u49360
041 _aeng
050 _a526
090 _aRICS 1989/42 ABCDE
110 _aSurvey and Mapping 89
_9769
245 4 _aThe 3rd UK national land survey and mapping conference and exhibition at University of Warwick , Monday 17 April 1989 - Friday 21 April 1989: conference proceedings
260 _aLondon
_bRoyal Institution of Chartered Surveyors
_c1989
300 _aca.450p. : ill. ; 21cm.
350 _a5.95
520 _aIncludes papers by DALE,P.F. ; MACDONALD,A.S. ; MORRIS,R.O. ; BORDLEY,R.F. ; ASHKENAZI,V- . ; DOWMAN,I.J. ; DALLAS,R.W.A. ; HILL,C.E.J. ; MCMASTER,P. ; JACKSON,- T.C. ; ALLAN,A.L. ; PATTISON,M.A.
650 _aATHLETICS
650 _aCARTOGRAPHY
650 _aCHANNEL TUNNEL
650 _aCONTROL SURVEYS
650 _aCAREERS, EDUCATION AND TRAINING
650 _aEnvironment
_96238
650 _aGIS
650 _aGLOBAL POSITIONING SYSTEMS
650 _aHISTORIC BUILDINGS
650 _aHISTORIC LANDSCAPES
650 _aIN-CAR NAVIGATION
650 _aLAND INFORMATION SYSTEMS
650 _aMeasurement
_96256
650 _aORDNANCE SURVEY
650 _aORIENTEERING
650 _aQUALITY ASSURANCE
650 _aSATELLITE SURVEYING
942 _n0
948 _c04/03/1997
999 _c92556
_d92556